Statistics for FIFA 07-21 Players Rated 90+

Click here to take the quiz!

General Stats

  • This quiz has been taken 276 times
  • The average score is 91 of 111

Answer Stats

HintAnswer% Correct
91 (Manchester United) | 92 (Juventus) | 92 (Real Madrid) | +4 othersCristiano Ronaldo
100%
90 (FC Barcelona) | 93 (FC Barcelona) | 94 (FC Barcelona)Lionel Messi
100%
91 (Paris Saint-Germain) | 92 (FC Barcelona) | 92 (Paris Saint-Germain)Neymar
98%
90 (Paris Saint-Germain)Kylian Mbappe
93%
90 (FC Barcelona) | 91 (FC Barcelona) | 92 (FC Barcelona)Luis Suarez
93%
90 (Liverpool)Mohamed Salah
93%
90 (FC Bayern Munchen) | 91 (FC Bayern Munchen)Robert Lewandowski
93%
90 (FC Bayern Munchen) | 92 (FC Bayern Munchen)Manuel Neuer
92%
90 (Manchester United) | 93 (Manchester United)Wayne Rooney
92%
91 (Manchester City)Kevin De Bruyne
91%
90 (Liverpool)Virgil van Dijk
90%
90 (FC Barcelona) | 91 (FC Barcelona)Andres Iniesta
89%
90 (Liverpool)Sadio Mane
89%
90 (FC Barcelona) | 92 (FC Barcelona)Xavi
88%
90 (Real Madrid) | 91 (Real Madrid)Luka Modric
87%
90 (Real Madrid) | 91 (Real Madrid)Sergio Ramos
86%
90 (Manchester United) | 90 (Paris Saint-Germain)Zlatan Ibrahimovic
84%
90 (Atletico Madrid) | 91 (Atletico Madrid)Jan Oblak
83%
90 (Chelsea) | 91 (Chelsea) | 91 (Real Madrid)Eden Hazard
82%
90 (Liverpool)Alisson
79%
90 (Real Madrid)Toni Kroos
79%
90 (FC Bayern Munchen)Arjen Robben
78%
90 (Manchester United) | 91 (Manchester United)David De Gea
76%
91 (FC Barcelona)Ronaldinho
76%
90 (Juventus) | 91 (Juventus) | 93 (Juventus)Gianluigi Buffon
75%
90 (FC Bayern Munchen)Franck Ribery
74%
90 (FC Barcelona)Marc-Andre ter Stegen
73%
90 (FC Barcelona)Marc-Andre ter stegen
73%
91 (Arsenal) | 91 (FC Barcelona)Thierry Henry
70%
90 (Chelsea)Frank Lampard
67%
90 (AC Milan)Kaka
67%
90 (Chelsea)Thibaut Courtois
63%
90 (Real Madrid)Gareth Bale
61%
90 (AS Monaco)Radamel Falcao
61%
90 (Real Madrid) | 91 (Real Madrid)Iker Casillas
58%
90 (AS Roma)Francesco Totti
53%
90 (Atletico Madrid)Diego Godin
52%
90 (Chelsea) | 91 (Chelsea)John Terry
49%
90 (FC Bayern Munchen)Jerome Boateng
46%
90 (Juventus)Gonzalo Higuain
40%
91 (AC Milan)Alessandro Nesta
34%
91 (Real Madrid)Fabio Cannavaro
28%
90 (Juventus)David Trezeguet
15%
92 (Olympique Lyonnais)Gregory Coupet
8%
90 (Santos)Ze Roberto
4%

Score Distribution

Percentile by Number Answered

Percent of People with Each Score

Your Score History

You have not taken this quiz